| 000 | 00522nam a2200205Ia 4500 | ||
|---|---|---|---|
| 003 | GCL | ||
| 008 | 140319s9999 xx 000 0 eng d | ||
| 040 |
_aGCL / _cGCL |
||
| 082 | 0 | 4 |
_aCC _b069.0962 _bD E |
| 100 | 1 | _aABDUL RAHMAN | |
| 245 | 1 | 0 |
_aLE CAIRE, LE MUSEE EGYPTIEN / _cABDUL RAHMAN |
| 700 | 1 | _aDONADONI, SERGIO | |
| 700 | 1 | _aMOHAMMED HASSAN | |
| 260 |
_a[S.N] : _bDEUX COXS D'ON ، _c1971 |
||
| 300 | _a170 P | ||
| 650 | 0 | 4 | _aMUSEUMS |
| 650 | 0 | 4 | _aANTIQUITIES |
| 650 | 0 | 4 | _aCAIRO - MUSEUMS |
| 942 |
_2ddc _cBK |
||
| 999 |
_c16030 _d16030 |
||